Manual de datos para ingeniería de los alimentos

Uloženo v:
Podrobná bibliografie
Hlavní autor: Hayes, George D (Autor)
Médium: Kniha
Jazyk:španělština
Vydáno: Zaragoza Acribia 1992
Témata:
Tagy: Přidat tag
Žádné tagy, Buďte první, kdo vytvoří štítek k tomuto záznamu!

MARC

LEADER 00000nam a2200000 a 4500
001 UCN4446
003 CL-VaPUC
005 20230801160913.0
008 010803e19920000SP |||||||||||||||||spa|d
999 |c 296689  |d 296687 
020 |a 8420007277 
040 |c Pontificia Universidad Católica de Valparaíso 
082 0 4 |a 664  |b HAY  |2 21 
100 |a Hayes, George D  |e author  |9 460876 
245 1 0 |a Manual de datos para ingeniería de los alimentos 
260 |a Zaragoza  |b Acribia  |c 1992 
300 |a 182 p 
583 |a last modification  |c 20010803 00:00:00  |k Rodrigo Vera 
650 0 |a Industria alimentaria  |9 331702 
650 0 |a Tecnología de alimentos  |9 259595 
650 0 |a Propiedades físicas  |9 342981 
942 |c BK  |2 ddc 
945 |d 20010803 00:00:00  |a cmena 
952 |0 0  |1 0  |2 ddc  |4 0  |6 664_000000000000000_HAY_1992  |7 0  |8 A  |9 350710  |a BIBING  |b BIBING  |c RES  |d 2019-11-20  |i 3725286  |o 664 HAY 1992  |p 3725286  |r 2025-01-20  |w 2019-11-20  |y BK  |k EIB 
952 |0 0  |1 0  |2 ddc  |4 0  |6 664_000000000000000_HAY_1992  |7 0  |8 A  |9 350711  |a BIBING  |b BIBING  |c RES  |d 2019-11-20  |i 3725294  |o 664 HAY 1992  |p 3725294  |r 2025-01-20  |w 2019-11-20  |y BK  |k EIB 
952 |0 0  |1 0  |4 0  |6 664_000000000000000_HAY_1992  |7 0  |8 A  |9 350712  |a BIBALI  |b BIBALI  |c RES  |d 2019-11-20  |i 3755401  |o 664 HAY 1992  |p 3755401  |r 2025-01-20  |w 2019-11-20  |y BK_R  |k ALI 
952 |0 0  |1 0  |2 ddc  |4 0  |6 664_000000000000000_HAY_1992  |7 0  |8 A  |9 350713  |a BIBING  |b BIBING  |c RES  |d 2019-11-20  |i 377211K  |o 664 HAY 1992  |p 377211K  |r 2025-01-20  |w 2019-11-20  |y BK  |k EIB 
952 |0 0  |1 0  |2 ddc  |4 0  |6 664_000000000000000_HAY_1992  |7 0  |8 A  |9 350714  |a BIBING  |b BIBING  |c RES  |d 2019-11-20  |i 3787931  |o 664 HAY 1992  |p 3787931  |r 2025-01-20  |w 2019-11-20  |y BK  |k EIB 
952 |0 0  |1 0  |2 ddc  |4 0  |6 664_000000000000000_HAY_1992  |7 0  |8 A  |9 350715  |a BIBING  |b BIBING  |c RES  |d 2019-11-20  |i 4012275  |o 664 HAY 1992  |p 4012275  |r 2025-01-20  |w 2019-11-20  |y BK  |k ING 
952 |0 0  |1 0  |2 ddc  |4 0  |6 664_000000000000000_HAY_1992  |7 0  |8 A  |9 350716  |a BIBING  |b BIBING  |c RES  |d 2019-11-20  |i 4085361  |o 664 HAY 1992  |p 4085361  |r 2025-01-20  |w 2019-11-20  |y BK  |k EIB 
952 |0 0  |1 0  |4 0  |6 664_000000000000000_HAY_1992  |7 0  |8 A  |9 350717  |a BIBALI  |b BIBALI  |c RES  |d 2019-11-20  |i 4403479  |o 664 HAY 1992  |p 4403479  |r 2025-01-20  |w 2019-11-20  |y BK_R  |k ALI 
952 |0 0  |1 0  |4 0  |6 664_000000000000000_HAY_1992  |7 0  |8 A  |9 350718  |a BIBALI  |b BIBALI  |c RES  |d 2019-11-20  |i 4403487  |o 664 HAY 1992  |p 4403487  |r 2025-01-20  |w 2019-11-20  |y BK_R  |k ALI 
952 |0 0  |1 0  |4 0  |6 664_000000000000000_HAY_1992  |7 0  |8 A  |9 350719  |a BIBALI  |b BIBALI  |c RES  |d 2019-11-20  |i 4719662  |o 664 HAY 1992  |p 4719662  |r 2025-01-20  |w 2019-11-20  |y BK_R  |k ALI 
952 |0 0  |1 0  |4 0  |6 664_000000000000000_HAY_1992  |7 0  |8 A  |9 350720  |a BIBALI  |b BIBALI  |c RES  |d 2019-11-20  |i 4719670  |o 664 HAY 1992  |p 4719670  |r 2025-01-20  |w 2019-11-20  |y BK_R  |k ALI